00300 a2200097 4500001001000000005001700010008004100027245004700068100002000115773006700135ART_1087520260410161732.0260409a 10aEl Plan Económico del 4 de abril de 19861 aDi Tella, Guido0 tEjecutivos de finanzasg- Año 3, Nº 27 (may. 1986)wREV2863